Lanean...
Saphed giddh /
| Egile nagusia: | |
|---|---|
| Hizkuntza: | Undetermined |
| Argitaratua: |
1992.
|
| LEADER | 00364nam a2200121Ia 4500 | ||
|---|---|---|---|
| 001 | 170161 | ||
| 008 | 170722s9999 xx 000 0 und d | ||
| 100 | |a Shrikeshav | ||
| 245 | |a Saphed giddh / | ||
| 260 | |c 1992. | ||
| 942 | |c GEN | ||
| 999 | |c 164877 |d 164877 | ||
| 952 | |0 0 |1 0 |4 0 |6 O_1523N52S_N2 |7 0 |8 LC1 |9 229307 |a LIB |b LIB |d 2017-08-12 |h LC1 |o O152,3N52,S N2 |p G28596 |r 2017-08-12 |w 2017-08-12 |y GEN | ||